Breve nota sobre el problema de la transformación (Registro nro. 24407)

Detalles MARC
000 -LEADER
fixed length control field 00344 a2200109 4500
001 - CONTROL NUMBER
control field ART_8728
005 - DATE AND TIME OF LATEST TRANSACTION
control field 20260410161844.0
008 - FIXED-LENGTH DATA ELEMENTS--GENERAL INFORMATION
fixed length control field 260409a
100 1# - MAIN ENTRY--PERSONAL NAME
Personal name Monza, Alfredo
245 10 - TITLE STATEMENT
Title Breve nota sobre el problema de la transformación
773 0# - HOST ITEM ENTRY
Title El trimestre económico
Related parts - Vol. XLVI, Nº 181 (ene./mar. 1979)
Record control number REV6933

No hay ítems disponibles.